00989cam a2200253 a 450000100100000000500170001000800410002702000150006804000290008308200230011210000250013524500910016025000110025126000660026230000210032850400420034960000730039165000410046470000460050591000340055104900090058595201260059499900150072000000515920200929151608.0980826s1996 ck b 000 0 spa d a9586145174 aDO-SdBNPbspacLCdBNPHU a921.3bB919e, 19961 aBucher, Jean.91475813aLa experiencia de la palabra en Heidegger /cJean Bucher; Cecilia Balcázar Monzón. a2a ed. aSanta Fé de Bogotá, (Colombia) :bEditorial Ariel,c1996. a205 p. ;c21 cm. aIncluye referencias bibliográficas.14aHEIDEGGER, MARTÍN,d1889-1976xCRÍTICA E INTERPRETACIÓN914759 4aFilosofía alemanaxHistoria9147601 aBalcázar Monzón, Cecilia,etr.914761 aCatalogación por copia / LC aBNGR 001054708MOaGRbGRcCTd2009-07-29iLF1l0o921.3 B919e, 1996p5159-10r2020-06-25w2020-06-25y4ZPréstamo en sala c4962d4962